000 00725nam a2200253Ia 4500
003 OSt
005 20220923222424.0
006 a|||||r|||| 00| 0
007 ta
008 220922b |||||||| |||| 00| 0 hin d
024 _a204,810
037 _cTextual
040 _aARTS
_cARTS
_bhin
041 _2hin
_ahin
082 _aO44,1x, K7
110 _aसाहित्य अकादमी
_9166894
245 0 _aभारतीय कविता 1956-57
246 _aBhāratīya kavitā 1956-57
260 _c1967
650 _aहिन्दी साहित्य
_9156264
700 _aसाहित्य अकादमी
942 _hO44,1x, K7
_cTEXL
_2CC
999 _c355558
_d355558